<?xml version="1.0" encoding="UTF-8"?>
<record
    xmlns:xsi="http://www.w3.org/2001/XMLSchema-instance"
    xsi:schemaLocation="http://www.loc.gov/MARC21/slim http://www.loc.gov/standards/marcxml/schema/MARC21slim.xsd"
    xmlns="http://www.loc.gov/MARC21/slim">

  <leader>00373nam a22001457a 4500</leader>
  <controlfield tag="003">OSt</controlfield>
  <controlfield tag="005">20251112150821.0</controlfield>
  <controlfield tag="008">251112b        |||||||| |||| 00| 0 eng d</controlfield>
  <datafield tag="040" ind1=" " ind2=" ">
    <subfield code="c">IIMT UNIVERSITY CENTAL LIBRARY GREATER NOIDA</subfield>
  </datafield>
  <datafield tag="100" ind1=" " ind2=" ">
    <subfield code="a">BELL. DAVID A.</subfield>
  </datafield>
  <datafield tag="245" ind1=" " ind2=" ">
    <subfield code="a">ELECTRONIC DEVICES AND CIRCUITS</subfield>
  </datafield>
  <datafield tag="260" ind1=" " ind2=" ">
    <subfield code="a">DELHI</subfield>
    <subfield code="b">OXFORD</subfield>
    <subfield code="c">2025</subfield>
  </datafield>
  <datafield tag="300" ind1=" " ind2=" ">
    <subfield code="a">588</subfield>
  </datafield>
  <datafield tag="942" ind1=" " ind2=" ">
    <subfield code="2">ddc</subfield>
    <subfield code="c">02</subfield>
  </datafield>
  <datafield tag="999" ind1=" " ind2=" ">
    <subfield code="c">66765</subfield>
    <subfield code="d">66765</subfield>
  </datafield>
  <datafield tag="952" ind1=" " ind2=" ">
    <subfield code="0">0</subfield>
    <subfield code="1">0</subfield>
    <subfield code="2">ddc</subfield>
    <subfield code="4">0</subfield>
    <subfield code="7">0</subfield>
    <subfield code="a">31</subfield>
    <subfield code="b">31</subfield>
    <subfield code="d">2025-11-12</subfield>
    <subfield code="e">R LALL BOOK</subfield>
    <subfield code="f">2025-11-12</subfield>
    <subfield code="g">995.00</subfield>
    <subfield code="i">GD/IN/328</subfield>
    <subfield code="l">0</subfield>
    <subfield code="p">31-B-4951</subfield>
    <subfield code="r">2025-11-12</subfield>
    <subfield code="w">2025-11-12</subfield>
    <subfield code="y">02</subfield>
  </datafield>
  <datafield tag="952" ind1=" " ind2=" ">
    <subfield code="0">0</subfield>
    <subfield code="1">0</subfield>
    <subfield code="2">ddc</subfield>
    <subfield code="4">0</subfield>
    <subfield code="7">0</subfield>
    <subfield code="a">31</subfield>
    <subfield code="b">31</subfield>
    <subfield code="d">2025-11-12</subfield>
    <subfield code="e">R LALL BOOK</subfield>
    <subfield code="f">2025-11-12</subfield>
    <subfield code="g">995.00</subfield>
    <subfield code="i">GD/IN/328</subfield>
    <subfield code="l">0</subfield>
    <subfield code="p">31-B-4952</subfield>
    <subfield code="r">2025-11-12</subfield>
    <subfield code="w">2025-11-12</subfield>
    <subfield code="y">02</subfield>
  </datafield>
  <datafield tag="952" ind1=" " ind2=" ">
    <subfield code="0">0</subfield>
    <subfield code="1">0</subfield>
    <subfield code="2">ddc</subfield>
    <subfield code="4">0</subfield>
    <subfield code="7">0</subfield>
    <subfield code="a">31</subfield>
    <subfield code="b">31</subfield>
    <subfield code="d">2025-11-12</subfield>
    <subfield code="e">R LALL BOOK</subfield>
    <subfield code="f">2025-11-12</subfield>
    <subfield code="g">995.00</subfield>
    <subfield code="i">GD/IN/328</subfield>
    <subfield code="l">0</subfield>
    <subfield code="p">31-B-4953</subfield>
    <subfield code="r">2025-11-12</subfield>
    <subfield code="w">2025-11-12</subfield>
    <subfield code="y">02</subfield>
  </datafield>
  <datafield tag="952" ind1=" " ind2=" ">
    <subfield code="0">0</subfield>
    <subfield code="1">0</subfield>
    <subfield code="2">ddc</subfield>
    <subfield code="4">0</subfield>
    <subfield code="7">0</subfield>
    <subfield code="a">31</subfield>
    <subfield code="b">31</subfield>
    <subfield code="d">2025-11-12</subfield>
    <subfield code="e">R LALL BOOK</subfield>
    <subfield code="f">2025-11-12</subfield>
    <subfield code="g">995.00</subfield>
    <subfield code="i">GD/IN/328</subfield>
    <subfield code="l">0</subfield>
    <subfield code="p">31-B-4954</subfield>
    <subfield code="r">2025-11-12</subfield>
    <subfield code="w">2025-11-12</subfield>
    <subfield code="y">02</subfield>
  </datafield>
</record>
